[Event "Titled Tuesday intern op 02nd Apr Late"]
[Site "Chess.com INT"]
[Date "2024.04.02"]
[Round "1"]
[White "Willy, Stephen"]
[Black "Mekhitarian, Krikor Sevag"]
[Result "0-1"]
[WhiteElo "2046"]
[BlackElo "2554"]
[PlyCount "92"]
[EventDate "2024.04.02"]
[EventType "swiss (blitz)"]
[EventRounds "11"]
[EventCountry "USA"]
[SourceTitle "CB15_2024"]
[SourceDate "2024.04.10"]
[SourceVersion "1"]
[SourceVersionDate "2024.04.10"]
[SourceQuality "1"]

1. e4 c5 2. c3 Nf6 3. e5 Nd5 4. d4 cxd4 5. Nf3 Nc6 6. Bc4 Nb6 7. Bb3 d5 8. exd6 Qxd6 9. 0-0 Be6 10. Na3 dxc3 11. Qe2 Bxb3 12. Nb5 Qb8 13. axb3 e6 14. g3 e5 15. Be3 cxb2 16. Qxb2 Nd5 17. Rfe1 f6 18. Rad1 Nxe3 19. Rxe3 Be7 20. Qc2 a6 21. Nc3 0-0 22. Nd5 Bd8 23. h4 Qc8 24. h5 Qe6 25. Nh4 Rc8 26. Qf5 Qxf5 27. Nxf5 Rb8 28. Re4 Kf7 29. Nd6+ Ke6 30. Ne3 Be7 31. Ndf5 g6 32. Nh4 Rg8 33. f4 Rbd8 34. Rf1 Rd4 35. Rxd4 Nxd4 36. Neg2 Nxb3 37. f5+ gxf5 38. Nxf5 Bc5+ 39. Kh2 Nd4 40. Nh6 Rc8 41. Ng4 Be7 42. Re1 Nf3+ 43. Kh3 Nxe1 44. Nxe1 f5 45. Nf2 Bg5 46. Nf3 Be3 0-1

[Event "Titled Tuesday intern op 02nd Apr Late"]
[Site "Chess.com INT"]
[Date "2024.04.02"]
[Round "11"]
[White "Yurtseven, Melih"]
[Black "Willy, Stephen"]
[Result "1-0"]
[WhiteElo "2333"]
[BlackElo "2046"]
[PlyCount "55"]
[EventDate "2024.04.02"]
[EventType "swiss (blitz)"]
[EventRounds "11"]
[EventCountry "USA"]
[SourceTitle "CB15_2024"]
[SourceDate "2024.04.10"]
[SourceVersion "1"]
[SourceVersionDate "2024.04.10"]
[SourceQuality "1"]

1. Nf3 d5 2. g3 c5 3. Bg2 Nc6 4. d4 Bf5 5. 0-0 e6 6. c4 Nf6 7. Nc3 dxc4 8. Qa4 Nd5 9. Ne5 Rc8 10. e4 Nb6 11. Nxc6 bxc6 12. Qa6 Bg6 13. d5 cxd5 14. exd5 exd5 15. Re1+ Be7 16. Bg5 f6 17. Nxd5 Nxd5 18. Bxd5 Qxd5 19. Qxc8+ Kf7 20. Rxe7+ Kxe7 21. Re1+ Kf7 22. Qxh8 fxg5 23. Qe8+ Kf6 24. Qe7+ Kf5 25. h3 h5 26. Qxg7 Qd4 27. Qf8+ Qf6 28. g4+ 1-0

[Event "Titled Tuesday intern op 12th Mar Late"]
[Site "Chess.com INT"]
[Date "2024.03.12"]
[Round "5"]
[White "Willy, Stephen"]
[Black "Arslanov, Shamil"]
[Result "0-1"]
[WhiteElo "1994"]
[BlackElo "2410"]
[PlyCount "120"]
[EventDate "2024.03.12"]
[EventType "swiss (blitz)"]
[EventRounds "11"]
[EventCountry "USA"]
[SourceTitle "CB12_2024"]
[SourceDate "2023.10.01"]
[SourceVersion "1"]
[SourceVersionDate "2023.10.01"]
[SourceQuality "1"]

1. e4 d6 2. d4 e5 3. Nf3 Bg4 4. dxe5 Nc6 5. h3 Bh5 6. Bb5 Qd7 7. Nc3 0-0-0 8. Be3 a6 9. Bxc6 Qxc6 10. Nd4 Qxc3+ 11. bxc3 Bxd1 12. Rxd1 dxe5 13. Nb3 Rxd1+ 14. Kxd1 Nf6 15. f3 Be7 16. Ke2 b6 17. Kf2 Rg8 18. Rd1 g5 19. c4 c5 20. a4 a5 21. Nc1 Ne8 22. Nd3 f6 23. g4 Nd6 24. Nb2 h5 25. Kg3 Rh8 26. Kg2 Kc7 27. Re1 Kc6 28. Rd1 Ne8 29. Rd2 Nc7 30. Rd1 Ne6 31. c3 Nf8 32. Nd3 Ng6 33. Nf2 Rh7 34. Rd2 Nh8 35. Rd5 Nf7 36. Rd2 Nd6 37. Re2 Nxc4 38. Bc1 b5 39. axb5+ Kxb5 40. gxh5 Rxh5 41. Ng4 a4 42. Ra2 Rh8 43. Nf2 Rd8 44. Kf1 Bd6 45. Ke2 Bc7 46. Ra1 Bb6 47. Rb1+ Kc6 48. Nd3 Ba5 49. Ra1 Nb6 50. Bd2 Rh8 51. Nf2 Kb5 52. Ra2 Nc4 53. Be1 a3 54. Ra1 Ka4 55. Nd3 Bb6 56. Nf2 Kb3 57. Kd3 Nb2+ 58. Kd2 Rd8+ 59. Kc1 c4 60. Rb1 Be3+ 0-1

[Event "Titled Tuesday intern op 13th Feb Late"]
[Site "Chess.com INT"]
[Date "2024.02.13"]
[Round "4"]
[White "Mitrabha, Guha"]
[Black "Willy, Stephen"]
[Result "1-0"]
[WhiteElo "2526"]
[BlackElo "1990"]
[PlyCount "77"]
[EventDate "2024.02.13"]
[EventType "swiss (blitz)"]
[EventRounds "11"]
[EventCountry "USA"]
[SourceTitle "CB08_2024"]
[SourceDate "2024.02.21"]
[SourceVersion "1"]
[SourceVersionDate "2024.02.21"]
[SourceQuality "1"]

1. Nf3 c5 2. c3 Nf6 3. d4 d5 4. dxc5 e6 5. b4 a5 6. e3 axb4 7. cxb4 b6 8. Bb5+ Bd7 9. Bxd7+ Nfxd7 10. a4 Na6 11. c6 Bxb4+ 12. Bd2 Ndc5 13. 0-0 0-0 14. Nd4 Qf6 15. Nc3 Rfd8 16. f4 e5 17. fxe5 Qxe5 18. Ncb5 Bxd2 19. Qxd2 Rac8 20. Rf5 Qe7 21. Raf1 f6 22. Kh1 Nxa4 23. Qa2 N4c5 24. Rxd5 Qf7 25. Rxd8+ Rxd8 26. Qf2 Nc7 27. h3 h6 28. Qf4 N7e6 29. Qf5 Nc7 30. Ra1 g6 31. Qf4 Nd5 32. Qxh6 Re8 33. Ra7 Re7 34. Rxe7 Nxe7 35. c7 Qe8 36. Qf4 Nd5 37. Qd6 Ne7 38. Qd8 Kf7 39. Nd6+ 1-0

[Event "Titled Tuesday intern op 06th Feb Late"]
[Site "Chess.com INT"]
[Date "2024.02.06"]
[Round "2"]
[White "Yeletsky, Ivan"]
[Black "Willy, Stephen"]
[Result "1-0"]
[WhiteElo "2504"]
[BlackElo "1990"]
[PlyCount "59"]
[EventDate "2024.02.06"]
[EventType "swiss (blitz)"]
[EventRounds "11"]
[EventCountry "USA"]
[SourceTitle "CB07_2024"]
[SourceDate "2024.02.14"]
[SourceVersion "1"]
[SourceVersionDate "2024.02.14"]
[SourceQuality "1"]

1. d4 Nf6 2. c4 d5 3. cxd5 Nxd5 4. Nf3 Nf6 5. Nc3 Bf5 6. Qb3 Qc8 7. Ng5 Bg6 8. e4 h6 9. Nf3 Nxe4 10. Ne5 Nxc3 11. Nxg6 fxg6 12. bxc3 e5 13. Bc4 Bd6 14. Bf7+ Kd8 15. dxe5 Bxe5 16. 0-0 Nc6 17. Rd1+ Bd6 18. Be6 Qb8 19. c4 Ke7 20. c5 Bxc5 21. Rd7+ Ke8 22. Bb2 a5 23. Re1 Qa7 24. Bg4+ Ne7 25. Rexe7+ Bxe7 26. Rxe7+ Kxe7 27. Qe6+ Kf8 28. Bxg7+ Kxg7 29. Qe7+ Kg8 30. Be6# 1-0

[Event "Titled Tuesday intern op 23rd Jan Late"]
[Site "Chess.com INT"]
[Date "2024.01.23"]
[Round "7"]
[White "Keller, Peter1"]
[Black "Willy, Stephen"]
[Result "1-0"]
[WhiteElo "2289"]
[BlackElo "1946"]
[PlyCount "87"]
[EventDate "2024.01.23"]
[EventType "swiss (blitz)"]
[EventRounds "11"]
[EventCountry "USA"]
[SourceTitle "CB05_2024"]
[SourceDate "2024.01.31"]
[SourceVersion "1"]
[SourceVersionDate "2024.01.31"]
[SourceQuality "1"]

1. e4 d5 2. exd5 Nf6 3. d4 Bg4 4. f3 Bf5 5. g4 Bg6 6. c4 e6 7. dxe6 Nc6 8. Ne2 Nb4 9. Nf4 Nc2+ 10. Kf2 Nxa1 11. Nxg6 hxg6 12. Nc3 Qd6 13. Be3 Rxh2+ 14. Rxh2 Qxh2+ 15. Bg2 0-0-0 16. Qxa1 Bd6 17. exf7 Qg3+ 18. Kf1 Nxg4 19. Bg1 Nh2+ 20. Bxh2 Qxh2 21. Qb1 Qh5 22. Qe4 Qf5 23. Qe8 Qd3+ 24. Ne2 Qf5 25. c5 Bf8 26. f4 Qd7 27. Qxd7+ Kxd7 28. Bxb7 c6 29. Ba6 Ke6 30. Bc4+ Kf5 31. Kf2 Be7 32. Kf3 Kf6 33. Ng3 Rxd4 34. Ne4+ Kf5 35. b3 Rd8 36. Nd6+ Bxd6 37. cxd6 Kf6 38. Ke4 g5 39. fxg5+ Kxg5 40. Ke5 Kg6 41. Ke6 Rf8 42. Ke7 Rh8 43. f8Q Rxf8 44. Kxf8 1-0

[Event "Titled Tuesday intern op 23rd Jan Late"]
[Site "Chess.com INT"]
[Date "2024.01.23"]
[Round "5"]
[White "Ostrovskiy, Aleksandr A"]
[Black "Willy, Stephen"]
[Result "1-0"]
[WhiteElo "2399"]
[BlackElo "1946"]
[PlyCount "79"]
[EventDate "2024.01.23"]
[EventType "swiss (blitz)"]
[EventRounds "11"]
[EventCountry "USA"]
[SourceTitle "CB05_2024"]
[SourceDate "2024.01.31"]
[SourceVersion "1"]
[SourceVersionDate "2024.01.31"]
[SourceQuality "1"]

1. e4 c5 2. Nc3 d6 3. d4 cxd4 4. Qxd4 Nc6 5. Qd2 Nf6 6. b3 e6 7. Bb2 Be7 8. 0-0-0 0-0 9. f4 a6 10. g4 Nxg4 11. Nf3 Qb6 12. Rg1 Nf6 13. Bd3 Nb4 14. e5 dxe5 15. fxe5 Nxd3+ 16. Qxd3 Rd8 17. Qe2 Nd5 18. Nxd5 Rxd5 19. Rxd5 exd5 20. e6 f6 21. Nd4 Bc5 22. Qg2 Qc7 23. Qxd5 Qd6 24. Rxg7+ Kh8 25. Rxh7+ Kxh7 26. Qh5+ Kg8 27. Qg6+ Kh8 28. Qxf6+ Kg8 29. Qf7+ Kh8 30. Nf5+ Bd4 31. Bxd4+ Qxd4 32. Nxd4 Bd7 33. exd7 Rg8 34. Qxg8+ Kxg8 35. d8Q+ Kh7 36. Qd5 Kh6 37. Qf5 b5 38. Ne6 a5 39. Qg5+ Kh7 40. Qg7# 1-0

[Event "Titled Tuesday intern op 16th Jan Late"]
[Site "Chess.com INT"]
[Date "2024.01.16"]
[Round "7"]
[White "Willy, Stephen"]
[Black "Korchmar, Vasiliy"]
[Result "1-0"]
[WhiteElo "1946"]
[BlackElo "2438"]
[PlyCount "69"]
[EventDate "2024.01.16"]
[EventType "swiss (blitz)"]
[EventRounds "11"]
[EventCountry "USA"]
[SourceTitle "CB04_2024"]
[SourceDate "2023.10.16"]
[SourceVersion "1"]
[SourceVersionDate "2023.10.16"]
[SourceQuality "1"]

1. e4 c5 2. c3 d5 3. exd5 Nf6 4. Bb5+ Nbd7 5. d4 Nxd5 6. dxc5 e6 7. b4 Be7 8. Nf3 Bf6 9. Qc2 Nxb4 10. cxb4 Bxa1 11. 0-0 0-0 12. Rd1 Qe7 13. Bf4 e5 14. Bg3 a5 15. Nbd2 Bd4 16. Nxd4 exd4 17. Bd6 Qf6 18. Bxf8 Nxf8 19. bxa5 Rxa5 20. a4 Bf5 21. Qb2 Ra8 22. Nf3 Ne6 23. Bc4 Nxc5 24. Qxd4 Nxa4 25. Ne5 Be6 26. Bxe6 fxe6 27. h3 h6 28. Rb1 Rd8 29. Qe3 Rd5 30. f4 Nc5 31. Rb5 Rd1+ 32. Kh2 b6 33. Rxb6 Qe7 34. Rb8+ Kh7 35. Rc8 1-0